000 00636nam a2200229Ia 4500
003 OSt
005 20221006164400.0
006 a|||||r|||| 00| 0
007 ta
008 221006b |||||||| |||| 00| 0 hin d
024 _a5,259
037 _cTextual
040 _aFML
_cFML
_bhin
041 _2hin
_ahin
082 _aO15: g(R5), K0
100 _aDixit Anand Prakash Au.
_9677324
245 0 _aRas Siddhant
_b Swaroop Vishleshan
260 _aDelhi
_bRajkamal Prakashan India
_c1960
300 _a452
_ccm.
942 _hO15: g(R5), K0
_cTEXL
_2CC
999 _c1117069
_d1117069